Statistiques concernant Les 20 capitales les plus proches de Reykjavik (Islande) à vol d'oiseau

Cliquez ici pour prendre le quiz!

Statistiques générales

  • Ce quiz a été pris 217 fois
  • Le résultat moyen est 18 sur 20

Statistiques - réponses

Distance (km)Capitale% Correct
1 743Oslo (Norvège)
100%
2 103Copenhague (Danemark)
99%
1 886Londres (Royaume-Uni)
99%
2 013Amsterdam (Pays-Bas)
98%
2 384Berlin (Allemagne)
98%
2 125Bruxelles (Belgique)
98%
2 229Paris (France)
98%
1 490Dublin (Irlande)
97%
2 611Berne (Suisse)
96%
2 131Stockholm (Suède)
96%
2 413Helsinki (Finlande)
94%
2 292Luxembourg (Luxembourg)
94%
2 769Varsovie (Pologne)
93%
2 635Prague (République Tchèque)
89%
2 573Riga (Lettonie)
89%
2 885Vienne (Autriche)
89%
2 789Vilnius (Lituanie)
83%
2 679Vaduz (Liechtenstein)
80%
2 918Monaco (Monaco)
73%
2 447Tallinn (Estonie)
73%

Distribution des résultats

Percentile par nombre de réponses

% des personnes avec chaque résultat

Votre développement - résultats

Vous n’avez pas pris ce quiz